O robô que virou gente (Record no. 166414)

MARC details
000 -LÍDER
campo de controle de tamanho fixo 00358 a2200169 4500
001 - NÚMERO DE CONTROLE
campo de controle 166414
020 ## - ISBN - INTERNATIONAL STANDARD BOOK NUMBER
ISBN - International Standard Book Number 85-08-07275-9
040 ## - FONTE DA CATALOGAÇÃO
Instituição que transcreveu o registro Magnum
100 ## - ENTRADA PRINCIPAL--NOME PESSOAL
Nome pessoal Jaf, Ivan
240 10 - TÍTULO UNIFORME
Título uniforme O robô que virou gente
Idioma da obra por
245 10 - TÍTULO
Título O robô que virou gente
300 ## - DESCRIÇÃO FÍSICA
Extensão 111
362 0# - DATAS DE PUBLICAÇÃO E/OU DESIGNAÇÃO SEQUENCIAL
Datas de publicação e/ou designação sequencial 1999
440 #1 - DECLARAÇÃO DE SÉRIE/ENTRADA ADICIONADA--TÍTULO
Título Ática
697 ## - ENTRADA DE ASSUNTO LOCAL--ENTIDADE COLETIVA (RLIN)
Nome corporativo ou nome da jurisdição LITERATURA JUVENIL
942 ## - ELEMENTOS DE ENTRADA ADICIONADOS (KOHA)
Tipo de material Koha Livros
Holdings
Situação do descarte Situação das perdas Situação física Não pode ser emprestado Biblioteca de origem Biblioteca atual Data de aquisição Total de empréstimos Número de chamada completo Código de barras Data de último acesso Data do preço efetivo Tipo de material Koha
        Magnum Magnum 08/06/2024   869.3.579 MAG00010741 08/06/2024 08/06/2024 Livros
        Magnum Magnum 08/06/2024   869.3.579 MAG00010742 08/06/2024 08/06/2024 Livros